[Event "Titled Tuesday intern op 04th Jul Early"]
[Site "Chess.com INT"]
[Date "2023.07.04"]
[Round "2"]
[White "Mica, Marek"]
[Black "Lenoir Ibacache, Gabriel Alberto"]
[Result "0-1"]
[WhiteElo "2307"]
[BlackElo "2225"]
[PlyCount "90"]
[EventDate "2023.07.04"]
[EventType "swiss (blitz)"]
[EventRounds "11"]
[EventCountry "USA"]
[SourceTitle "EXT 2024"]
[Source "ChessBase"]
[SourceDate "2023.10.10"]
[SourceVersion "1"]
[SourceVersionDate "2023.10.10"]
[SourceQuality "1"]

1. d4 Nf6 2. c4 g6 3. h4 h6 4. Nc3 Bg7 5. e4 d6 6. Be2 0-0 7. h5 g5 8. Be3 c5 9. d5 e6 10. Qd2 exd5 11. exd5 Bf5 12. f3 Re8 13. g4 Bh7 14. Nh3 Nbd7 15. Nf2 Qe7 16. Nfd1 a6 17. a4 Ne5 18. Ra3 Rab8 19. a5 b6 20. axb6 Rxb6 21. Ra4 Reb8 22. Kf2 Rb4 23. Rxb4 Rxb4 24. Re1 Nfd7 25. Kg2 Qd8 26. Nf2 Qb6 27. Nce4 Rxb2 28. Qc1 a5 29. Bxg5 hxg5 30. Qxg5 Kh8 31. h6 Bf8 32. Nf6 Nxf6 33. Qxf6+ Kg8 34. Qg5+ Ng6 35. Ne4 Qb4 36. Nf6+ Kh8 37. Kf1 Qc3 38. Nh5 Qe5 39. Qxe5+ Nxe5 40. Ra1 Bd3 41. Bxd3 Nxd3 42. Rxa5 Bxh6 43. Ra8+ Kh7 44. Nf6+ Kg6 45. Ne4 Be3 0-1

[Event "Titled Tuesday intern op 04th Jul Early"]
[Site "Chess.com INT"]
[Date "2023.07.04"]
[Round "7"]
[White "Skliarov, Viktor"]
[Black "Mica, Marek"]
[Result "1/2-1/2"]
[WhiteElo "2383"]
[BlackElo "2307"]
[PlyCount "150"]
[EventDate "2023.07.04"]
[EventType "swiss (blitz)"]
[EventRounds "11"]
[EventCountry "USA"]
[SourceTitle "EXT 2024"]
[Source "ChessBase"]
[SourceDate "2023.10.10"]
[SourceVersion "1"]
[SourceVersionDate "2023.10.10"]
[SourceQuality "1"]

1. e4 c5 2. Nf3 g6 3. c3 d5 4. exd5 Qxd5 5. Na3 Bg7 6. Bc4 Qh5 7. Nb5 Na6 8. Qb3 Nh6 9. d4 cxd4 10. Bxh6 Bxh6 11. Bxf7+ Kf8 12. Nbxd4 Nc5 13. Qc4 b6 14. Ne6+ Bxe6 15. Bxe6 Rd8 16. 0-0 Rd6 17. Bg4 Qd5 18. Qxd5 Rxd5 19. Rad1 Rd6 20. Rxd6 exd6 21. Nd4 Kf7 22. Re1 a5 23. Bf3 Rc8 24. Bd5+ Kf8 25. Ne6+ Nxe6 26. Rxe6 Rd8 27. Kf1 Bg7 28. Ke2 b5 29. Kd3 b4 30. cxb4 axb4 31. Kc4 Bxb2 32. Kxb4 Bd4 33. a4 Rb8+ 34. Kc4 Bc5 35. Bc6 Kf7 36. Re2 Rb4+ 37. Kc3 Rh4 38. h3 Rf4 39. f3 Rb4 40. Ra2 Rb1 41. a5 Kf6 42. a6 Rg1 43. a7 Bxa7 44. Rxa7 Rc1+ 45. Kd2 Rxc6 46. Rxh7 Rb6 47. Ke3 Rb3+ 48. Kf4 Rb4+ 49. Kg3 d5 50. Rd7 Ke6 51. Rd8 Rb2 52. h4 Ke5 53. Rg8 Kf6 54. Rd8 Ke5 55. Kh3 d4 56. g3 Rb3 57. Kg4 Rb6 58. Re8+ Kd5 59. Rd8+ Ke5 60. Re8+ Kd5 61. Re1 d3 62. Kg5 Kd4 63. f4 d2 64. Rd1 Ke3 65. g4 Ke2 66. Rxd2+ Kxd2 67. f5 gxf5 68. gxf5 Ke3 69. f6 Ke4 70. f7 Rb8 71. Kf6 Kf4 72. Kg7 Kf5 73. f8Q+ Rxf8 74. Kxf8 Kg4 75. Kg7 Kxh4 1/2-1/2

[Event "Teplice op"]
[Site "Teplice"]
[Date "2023.06.11"]
[Round "2"]
[White "Gumularz, Szymon"]
[Black "Mica, Marek"]
[Result "1/2-1/2"]
[WhiteElo "2591"]
[BlackElo "2284"]
[PlyCount "101"]
[EventDate "2023.06.10"]
[EventType "swiss"]
[EventRounds "9"]
[EventCountry "CZE"]
[SourceTitle "CBM 214 Extra"]
[Source "ChessBase"]
[SourceDate "2023.07.31"]
[SourceVersion "1"]
[SourceVersionDate "2023.07.31"]
[SourceQuality "1"]

1. c4 e6 2. g3 Nf6 3. Bg2 d5 4. Nf3 d4 5. d3 Nc6 6. 0-0 Bc5 7. Bg5 h6 8. Bxf6 Qxf6 9. Nbd2 Be7 10. a3 a5 11. Ne4 Qg6 12. Qa4 Bd7 13. b4 f5 14. b5 fxe4 15. bxc6 Bxc6 16. Ne5 Bxa4 17. Nxg6 Rg8 18. Bxe4 Rb8 19. Rfb1 b6 20. Ne5 Bd6 21. Bc6+ Ke7 22. Ng6+ Kf6 23. Bxa4 Kxg6 24. h4 Kf6 25. Kg2 Ke7 26. Bc6 Rgf8 27. f4 Rf6 28. Be4 Rbf8 29. h5 Kd7 30. a4 Bc5 31. Kf3 Kd6 32. Rh1 Bb4 33. Rh4 Kc5 34. Rb1 c6 35. Rhh1 e5 36. f5 Bd2 37. Rh4 Be3 38. Rg4 R8f7 39. Rb2 Re7 40. Rh4 Re8 41. Rh1 Bg5 42. Kg2 Ref8 43. g4 Rb8 44. Rhb1 Bf4 45. Kf2 Be3+ 46. Kf1 Bf4 47. Bh1 Rf7 48. Kf2 Rf6 49. Bg2 Be3+ 50. Kg3 Bf4+ 51. Kf2 1/2-1/2

[Event "Mosty u Jablunkova op 20th"]
[Site "Mosty u Jablunkova"]
[Date "2023.05.27"]
[Round "8"]
[White "Zilka, Stepan"]
[Black "Mica, Marek"]
[Result "0-1"]
[WhiteElo "2468"]
[BlackElo "2156"]
[PlyCount "76"]
[EventDate "2023.05.27"]
[EventType "swiss (rapid)"]
[EventRounds "9"]
[EventCountry "CZE"]
[SourceTitle "EXT 2024"]
[Source "ChessBase"]
[SourceDate "2023.10.10"]
[SourceVersion "1"]
[SourceVersionDate "2023.10.10"]
[SourceQuality "1"]

1. e4 e6 2. d4 d5 3. Nc3 Bb4 4. e5 c5 5. a3 Bxc3+ 6. bxc3 Nc6 7. Qg4 Kf8 8. Nf3 Nge7 9. h4 Bd7 10. h5 h6 11. Bd3 c4 12. Be2 b5 13. Qf4 a5 14. Nh4 Kg8 15. Rh3 b4 16. Rf3 Be8 17. Rg3 Rh7 18. axb4 axb4 19. Rxa8 Qxa8 20. cxb4 Nxb4 21. Bd1 Ba4 22. Ra3 Qe8 23. Qd2 Qb5 24. Rxa4 Qxa4 25. c3 Qb5 26. cxb4 Nc6 27. Ba3 Rh8 28. Nf3 Kf8 29. Qb2 Ke8 30. Ng1 Kd7 31. Ne2 Ra8 32. Nc3 Qb6 33. Na4 Qb5 34. Nc3 Qb6 35. b5 Nxd4 36. Na4 Qa5+ 37. Kf1 c3 38. Qb1 c2 0-1

[Event "CZE-ch Amateur"]
[Site "Hluk"]
[Date "2023.05.10"]
[Round "7"]
[White "Stevik, Patrik1111"]
[Black "Mica, Marek"]
[Result "0-1"]
[WhiteElo "2267"]
[BlackElo "2256"]
[PlyCount "110"]
[EventDate "2023.05.06"]
[EventType "swiss"]
[EventRounds "9"]
[EventCountry "CZE"]
[SourceTitle "CBM 214 Extra"]
[Source "ChessBase"]
[SourceDate "2023.07.31"]
[SourceVersion "1"]
[SourceVersionDate "2023.07.31"]
[SourceQuality "1"]

1. e3 d5 2. c4 e6 3. Nf3 Nf6 4. b3 dxc4 5. bxc4 c5 6. Be2 Be7 7. 0-0 Nbd7 8. Bb2 b6 9. Qb3 0-0 10. a4 a5 11. Na3 Bb7 12. Nb5 Qb8 13. Qc3 Rd8 14. Rfd1 Bc6 15. d3 Qb7 16. e4 Ne8 17. Rab1 Bf6 18. e5 Be7 19. Qc1 Nb8 20. Qf4 Na6 21. Bc1 Nb4 22. Qg4 Bxb5 23. axb5 a4 24. Ra1 Nc2 25. Ra2 Nb4 26. Ra3 Nc2 27. Rc3 Nd4 28. Nxd4 cxd4 29. Rc2 Qc7 30. f4 Bc5 31. Bf3 Ra7 32. Ra2 g6 33. Qh4 Ng7 34. g4 Be7 35. Qe1 f5 36. g5 a3 37. Bd2 Bc5 38. Bb4 Ra4 39. Rb1 Qe7 40. Bxc5 Qxc5 41. Qd1 Ra5 42. Qb3 Rd7 43. Qb4 Qxb4 44. Rxb4 Nh5 45. Rb3 Nxf4 46. Rbxa3 Nxd3 47. Rxa5 bxa5 48. Bc6 Rd8 49. b6 Nxe5 50. Bg2 Nxc4 51. b7 d3 52. Kf2 d2 53. Bf3 e5 54. Bd5+ Kg7 55. Rxd2 Nxd2 0-1

[Event "Pobeskydy Talents op 42nd"]
[Site "Frydek Mistek"]
[Date "2023.04.07"]
[Round "3"]
[White "Tymrakiewicz, Rafal"]
[Black "Mica, Marek"]
[Result "1/2-1/2"]
[WhiteElo "2145"]
[BlackElo "2244"]
[PlyCount "81"]
[EventDate "2023.04.06"]
[EventType "swiss"]
[EventRounds "9"]
[EventCountry "CZE"]
[SourceTitle "EXT 2024"]
[Source "ChessBase"]
[SourceDate "2023.10.10"]
[SourceVersion "1"]
[SourceVersionDate "2023.10.10"]
[SourceQuality "1"]

1. d4 e6 2. Nf3 Nf6 3. c3 b6 4. Bg5 h6 5. Bf4 Bb7 6. h3 d6 7. e3 Nbd7 8. Nbd2 Qe7 9. Bb5 a6 10. Ba4 g5 11. Bh2 Bg7 12. Qe2 Ne4 13. Nxe4 Bxe4 14. Bc2 Bxc2 15. Qxc2 f5 16. 0-0-0 0-0 17. h4 g4 18. Nd2 Kh8 19. f3 Nf6 20. e4 gxf3 21. gxf3 fxe4 22. Nxe4 Nxe4 23. Qxe4 Qf7 24. f4 Rae8 25. Rhg1 d5 26. Qd3 c5 27. Rg6 cxd4 28. Rdg1 Rg8 29. cxd4 Qf5 30. Kd2 Kh7 31. h5 Re7 32. Re1 Rge8 33. Bg3 a5 34. Re3 b5 35. Bh4 Rf7 36. Bg3 Rfe7 37. Bh4 Rf7 38. Bg3 Rfe7 39. Bh4 Rf7 40. Bg3 Rfe7 41. Bh4 1/2-1/2

[Event "CZE-ch U20"]
[Site "Jaromerice nad Rokytnou"]
[Date "2023.03.17"]
[Round "10"]
[White "Ocelak, Jakub"]
[Black "Mica, Marek"]
[Result "1/2-1/2"]
[WhiteElo "2190"]
[BlackElo "2248"]
[PlyCount "60"]
[EventDate "2023.03.10"]
[EventType "tourn"]
[EventRounds "11"]
[EventCountry "CZE"]
[SourceTitle "CBM 213 Extra"]
[Source "ChessBase"]
[SourceDate "2023.05.31"]
[SourceVersion "1"]
[SourceVersionDate "2023.05.31"]
[SourceQuality "1"]

1. c4 Nf6 2. Nf3 e6 3. Nc3 d5 4. d4 dxc4 5. Qa4+ Nbd7 6. e4 a6 7. Bxc4 Rb8 8. Bd3 b5 9. Qc2 Bb7 10. 0-0 c5 11. Bf4 Rc8 12. d5 c4 13. dxe6 fxe6 14. Be2 Bb4 15. Ng5 e5 16. Bd2 Nc5 17. Rad1 0-0 18. Nxb5 axb5 19. Bxb4 Qb6 20. Bxc4+ bxc4 21. Qxc4+ Kh8 22. Bxc5 Rxc5 23. Nf7+ Kg8 24. Nh6+ Kh8 25. Nf7+ Kg8 26. Nh6+ Kh8 27. Nf7+ Kg8 28. Nh6+ Kh8 29. Nf7+ Kg8 30. Nh6+ Kh8 1/2-1/2

[Event "CZE-ch U20"]
[Site "Jaromerice nad Rokytnou"]
[Date "2023.03.12"]
[Round "4"]
[White "Hlavina, Matous"]
[Black "Mica, Marek"]
[Result "1/2-1/2"]
[WhiteElo "2091"]
[BlackElo "2248"]
[PlyCount "64"]
[EventDate "2023.03.10"]
[EventType "tourn"]
[EventRounds "11"]
[EventCountry "CZE"]
[SourceTitle "CBM 213 Extra"]
[Source "ChessBase"]
[SourceDate "2023.05.31"]
[SourceVersion "1"]
[SourceVersionDate "2023.05.31"]
[SourceQuality "1"]

1. e4 c5 2. Nf3 d6 3. d4 cxd4 4. Nxd4 Nf6 5. Nc3 g6 6. Be3 Bg7 7. f3 0-0 8. Qd2 Nc6 9. 0-0-0 d5 10. Nxc6 bxc6 11. Bc4 Qa5 12. Bb3 e6 13. Kb1 Qc7 14. Bh6 Bb7 15. Bxg7 Kxg7 16. g4 Rad8 17. Qe3 dxe4 18. g5 Rxd1+ 19. Rxd1 Nd5 20. Bxd5 cxd5 21. fxe4 dxe4 22. Nxe4 Qe5 23. Qc3 Qxc3 24. Nxc3 Bc6 25. Rd6 Rc8 26. Kc1 h6 27. h4 hxg5 28. hxg5 Kf8 29. Kd2 Ke7 30. Rd4 Rh8 31. Rc4 Kd6 32. Ne4+ Bxe4 1/2-1/2

[Event "CZE-chT 2223"]
[Site "Czech Republic"]
[Date "2023.02.18"]
[Round "7.3"]
[White "Finek, Vaclav"]
[Black "Mica, Marek"]
[Result "1/2-1/2"]
[WhiteElo "2393"]
[BlackElo "2200"]
[PlyCount "70"]
[EventDate "2022.10.15"]
[EventType "team-tourn"]
[EventRounds "11"]
[EventCountry "CZE"]
[SourceTitle "CBM 213 Extra"]
[Source "ChessBase"]
[SourceDate "2023.05.31"]
[SourceVersion "1"]
[SourceVersionDate "2023.05.31"]
[SourceQuality "1"]
[WhiteTeam "Turnov Zikuda"]
[BlackTeam "Frydek Mistek"]
[WhiteTeamCountry "CZE"]
[BlackTeamCountry "CZE"]

1. d4 Nf6 2. g3 e6 3. Bg2 c5 4. Nf3 b6 5. c4 Bb7 6. d5 exd5 7. Nh4 g6 8. Nc3 Bg7 9. 0-0 0-0 10. cxd5 d6 11. a4 Na6 12. h3 Nb4 13. Qb3 Qd7 14. g4 Rae8 15. Bf4 Qd8 16. Bg3 Ba6 17. Rfe1 h5 18. g5 Nh7 19. f4 Re7 20. Kh2 Rfe8 21. e4 Bd3 22. Rac1 a5 23. Qd1 Nf8 24. f5 Be5 25. f6 Bxg3+ 26. Kxg3 Rb7 27. Nf3 Nd7 28. Qd2 c4 29. Qf4 Nc5 30. Nd4 Qd7 31. Bf3 Kh7 32. Qh4 Rh8 33. Qf4 Re8 34. Qh4 Rh8 35. Qf4 Re8 1/2-1/2

[Event "Titled Tuesday intern op 10th Jan Early"]
[Site "Chess.com INT"]
[Date "2023.01.10"]
[Round "4"]
[White "Mica, Marek"]
[Black "Ruge, Edison"]
[Result "1-0"]
[WhiteElo "2244"]
[BlackElo "2201"]
[PlyCount "109"]
[EventDate "2023.01.10"]
[EventType "swiss (blitz)"]
[EventRounds "11"]
[EventCountry "USA"]
[SourceTitle "EXT 2024"]
[Source "ChessBase"]
[SourceDate "2023.10.10"]
[SourceVersion "1"]
[SourceVersionDate "2023.10.10"]
[SourceQuality "1"]

1. d4 Nf6 2. c4 g6 3. Nc3 Bg7 4. e4 d6 5. h3 c6 6. Be3 a6 7. a4 h5 8. Nf3 a5 9. Nd2 Na6 10. Be2 Nb4 11. Na2 Nxa2 12. Rxa2 Qc7 13. Qb3 Nd7 14. f4 e5 15. fxe5 dxe5 16. d5 0-0 17. 0-0 c5 18. Raa1 Qd6 19. Rae1 Ra6 20. Nb1 Rb6 21. Qc2 Rb4 22. Nc3 Nb6 23. Nb5 Rxb5 24. cxb5 Nd7 25. b6 Re8 26. Bb5 Bf8 27. Bg5 Qxb6 28. Qd2 c4+ 29. Kh1 f6 30. Be3 Qd6 31. Qxa5 Re7 32. Qc3 Nc5 33. Qxc4 b6 34. a5 Rc7 35. axb6 Qxb6 36. Bc6 Ba6 37. Qc3 Bxf1 38. Rxf1 Rxc6 39. dxc6 Qxc6 40. Qc4+ Kg7 41. b4 Qxe4 42. Qc3 Ne6 43. b5 Bb4 44. Qb3 Nd4 45. Qxb4 Qxe3 46. Qe7+ Kh6 47. Qxf6 Nf5 48. Qf8+ Kg5 49. Qd8+ Kh6 50. Qd1 Ng3+ 51. Kh2 Nxf1+ 52. Qxf1 Qc5 53. Qe2 h4 54. Qd2+ g5 55. Qd3 1-0

[Event "Titled Tuesday intern op 03rd Jan Early"]
[Site "Chess.com INT"]
[Date "2023.01.03"]
[Round "3"]
[White "Concio, Michael Jr"]
[Black "Mica, Marek"]
[Result "1-0"]
[WhiteElo "2364"]
[BlackElo "2244"]
[PlyCount "103"]
[EventDate "2023.01.03"]
[EventType "swiss (blitz)"]
[EventRounds "11"]
[EventCountry "USA"]
[SourceTitle "EXT 2024"]
[Source "ChessBase"]
[SourceDate "2023.10.10"]
[SourceVersion "1"]
[SourceVersionDate "2023.10.10"]
[SourceQuality "1"]

1. e4 c5 2. Nf3 d6 3. d4 cxd4 4. Nxd4 Nf6 5. Nc3 g6 6. Be3 Bg7 7. f3 0-0 8. Bc4 Nc6 9. Qd2 Nxd4 10. Bxd4 Be6 11. Bxe6 fxe6 12. 0-0-0 Qa5 13. Kb1 Rac8 14. Ne2 Qxd2 15. Rxd2 a6 16. Rhd1 Nd7 17. Bxg7 Kxg7 18. Nd4 Kf7 19. b3 Rc5 20. Kb2 Rfc8 21. c4 b5 22. cxb5 axb5 23. a3 Rb8 24. Rc2 Rxc2+ 25. Nxc2 g5 26. h4 h6 27. hxg5 hxg5 28. Rh1 Kg6 29. Nd4 Nc5 30. Kc2 Rc8 31. Kd1 e5 32. Nf5 Rc7 33. Rh6+ Kf7 34. Nxd6+ Kg8 35. Nxb5 Rb7 36. a4 Nxb3 37. Rc6 Kf7 38. Kc2 Na5 39. Rc5 Kf6 40. Nc3 Nb3 41. Rc6+ e6 42. Nd5+ Kf7 43. Rc7+ Rxc7+ 44. Nxc7 Nc5 45. a5 Ke7 46. a6 Nd7 47. a7 Nb6 48. a8Q Nxa8 49. Nxa8 Kd6 50. Nb6 Kc5 51. Nd7+ Kd4 52. Kd2 1-0

[Event "Titled Tuesday intern op 03rd Jan Early"]
[Site "Chess.com INT"]
[Date "2023.01.03"]
[Round "10"]
[White "Krivonosov, Oleg"]
[Black "Mica, Marek"]
[Result "1/2-1/2"]
[WhiteElo "2364"]
[BlackElo "2244"]
[PlyCount "99"]
[EventDate "2023.01.03"]
[EventType "swiss (blitz)"]
[EventRounds "11"]
[EventCountry "USA"]
[SourceTitle "EXT 2024"]
[Source "ChessBase"]
[SourceDate "2023.10.10"]
[SourceVersion "1"]
[SourceVersionDate "2023.10.10"]
[SourceQuality "1"]

1. Nf3 d5 2. d4 Nf6 3. c4 e6 4. g3 dxc4 5. Qa4+ Nbd7 6. Bg2 a6 7. Nc3 Rb8 8. Qxc4 b5 9. Qd3 c5 10. dxc5 Bxc5 11. 0-0 Bb7 12. Bf4 Rc8 13. Rad1 0-0 14. Ne5 Bxg2 15. Kxg2 Nxe5 16. Bxe5 Qe7 17. Qf3 Nd7 18. Bf4 Nb6 19. Ne4 e5 20. Bg5 f6 21. Nxc5 Qxc5 22. Be3 Qc6 23. Qxc6 Rxc6 24. Bxb6 Rxb6 25. Rd7 Rf7 26. Rd8+ Rf8 27. Rfd1 Rxd8 28. Rxd8+ Kf7 29. Rd7+ Kg6 30. e4 Rc6 31. Rd2 Kf7 32. Kf3 Ke6 33. Ke3 Rd6 34. Rc2 Kd7 35. f4 Rc6 36. Rd2+ Rd6 37. Rf2 exf4+ 38. gxf4 Rd1 39. Rd2+ Rxd2 40. Kxd2 g5 41. Ke3 Ke6 42. b4 h5 43. h3 g4 44. Kf2 f5 45. hxg4 fxg4 46. Kg3 Kf6 47. Kh4 Ke6 48. Kg3 Kf6 49. Kh4 Ke6 50. Kg3 1/2-1/2